000 002650000a22001090004500
090 _aAS
_bSeriadas
245 1 0 _aMigraciones
041 0 _aEspañol
100 1 _aVelásquez, María Cristina
_999977
942 _cARTICULO
773 1 _tBoletín SAO
_h16-17
_q78-81
_d1998
_g9
999 _c15749
_d15749